Normal view
MARC view
- Poets, Persian
Entry Topical Term
001 - CONTROL NUMBER
- control field: 3582
003 - CONTROL NUMBER IDENTIFIER
- control field: NUST
005 - DATE AND TIME OF LATEST TRANSACTION
- control field: 20170726162616.0
008 - FIXED-LENGTH DATA ELEMENTS
- fixed length control field: 170726|| aca||aabn | a|a d
040 ## - CATALOGING SOURCE
- Original cataloging agency: NUST
- Transcribing agency: NUST
150 ## - HEADING--TOPICAL TERM
- Topical term or geographic name entry element: Poets, Persian
- Chronological subdivision: 19th century
- Form subdivision: Correspondence.
670 ## - SOURCE DATA FOUND
- Source citation: Work cat.: (NUST)0: Ghalib, Mirza Asadullah Khan, 1797-1869. 3145, Mirza Ghalib and the Mirs of Gujarat /, 2003.
